Naša Jirka

Podrobná bibliografia
Hlavný autor: Bednár, František (Autor)
Médium: Článok
Jazyk:slovenčina
Predmet:

MARC

LEADER 00000nab a2200000 a 4500
001 vtls000997081
003 SK-MaSNL
005 20260304134250.0
008 250505e20030000xo 0 slo
035 |a PO20434 
035 |a urn:nbn:sk:snk-ab2w27 
035 |a (urnnbn)urn:nbn:sk:snk:ar-a030q9 
035 |a (uuid)b8faf5a8-daa8-4ab6-9ab0-be8cad4756b5 
040 |a SNKBUCL  |b slo  |c SNKBUCL  |e AACR2 
041 0 |a slo 
044 |a xo  |c SK 
080 |a 796.51  |2 1981 
080 |a 929  |2 1981 
080 |a 394.46  |2 2011 
080 |a 502.2  |2 2011 
100 1 |a Bednár, František  |4 aut  |9 573600 
245 1 0 |a Naša Jirka 
600 1 7 |a Mikušová, Jirka  |2 POKPOH  |9 1082116 
610 2 7 |a KTS (Prešov, Slovensko)  |2 POKPOH  |9 1451979 
650 0 7 |a turistika  |2 POKPOH  |9 683 
650 0 7 |a jubileá  |2 SNKPH  |9 29624 
650 0 7 |a príroda  |2 SNKPH  |9 3813 
651 7 |a Prešov (Slovensko)  |2 POKPOH  |9 17347 
655 7 |a profily  |2 POKPOH  |9 341977 
773 0 |t Krásy Slovenska  |g Roč. 80, č. 7-8 (2003), s. 5 
850 |a Slovenská národná knižnica 
852 |a Slovenská národná knižnica 
954 |a odborná, vedecká literatúra pôvodná (slovenská)  |2 lita 
958 |a article27 
958 |a OND 
958 |a EUIPO 
999 |c 2905968  |d 2907898